Europäische Volkskunst

Titel: Europäische Volkskunst / von Bernward Deneke. Mit Beiträgen von Tancred Bănăteanu ...
Beteiligt: ;
Veröffentlicht: Frankfurt am Main : Propyläen-Verlag, 1985
Umfang: 309, 448 Seiten : Illustrationen
Format: Buch
Sprache: Deutsch
Schriftenreihe/
mehrbändiges Werk:
Propyläen-Kunstgeschichte / hrsg. unter Beratung von Kurt Bittel ... ; 16 : Supplementbände
alle Bände anzeigen
RVK-Notation:
Schlagworte:
Kein Bild verfügbar
X
Lokale Klassifikation: 1 9 B ; 1 9 G ; 31 9 G ; 32 9 G ; 22 9 G
alg: 31909312
001A    $00017:20-03-13 
001B    $01999:09-06-23 $t20:38:01.000 
001D    $00017:20-03-13 
001U    $0utf8 
001X    $00 
002@    $0AFu 
002C    $aText $btxt $2rdacontent 
002C    $aunbewegtes Bild $bsti $2rdacontent 
002D    $aohne Hilfsmittel zu benutzen $bn $2rdamedia 
002E    $aBand $bnc $2rdacarrier 
003@    $0319093123 
003O    $064376947 $aOCoLC 
007A    $0319093123 $aHEB 
007G    $0DE0040CE6C914745FC732C1257B8700282CF8 
007T    $0GuMu:r025157 
009P    $qapplication/pdf $A2 $3Inhaltsverzeichnis $uhttp://scans.hebis.de/HEBCGI/show.pl?31909312_toc.pdf $mV:DE-603;B:DE-77 
010@    $ager 
011@    $a1985 
021A    $aEuropäische Volkskunst $hvon Bernward Deneke. Mit Beiträgen von Tancred Bănăteanu ... 
028C    $BHerausgeber $4edt $7 $8Deneke, Bernward [Tnd] $9136932975 
028C    $#Bănăţeanu, Tancred $#Banacianu, Tankred $7103240284 $8Bănăţeanu, Tancred$Z1922-1987 [Tp3] $9138663610 
033A    $pFrankfurt am Main $nPropyläen-Verlag 
034D    $a309, 448 Seiten 
034M    $aIllustrationen 
036C    $aPropyläen-Kunstgeschichte $din zweiundzwanzig Bänden $x216 $hhrsg. unter Beratung von Kurt Bittel ... $l16 : Supplementbände 
036D    $x216 $8Propyläen-Kunstgeschichte : in zweiundzwanzig Bänden $904610853X 
037A    $aLiteraturverzeichnis Seite 295 - 305 
044K    $#Abendland $#Okzident $74015701-5 $8Europa [Tgz] $908503617X 
044K    $RKunst $RNaive Kunst $#Folk art $#Art populaire $#Arte popolare $#Arte popular $#Volkskunst $#Volkskunst $#Bäuerliche Kunst $#Bauernkunst $#Arte plebea $74063851-0 $8Volkskunst [Ts1] $9085179000 
045E    $b12a $b14a 
045F    $a709.4 $eDDC23BSB 
045F/01 $a709 
045F/03 $g4 
045F/03 $g47 
045F/03 $g437 
045F/03 $g438 
045Z    $8LH 65000 [Tkv] $9409894567 

lok: 31909312 8

exp: 31909312 8 1 #EPN
201B/01 $027-06-13 $t14:54:32.000 
201C/01 $020-03-13 
201U/01 $0utf8 
203@/01 $0671993860 
208@/01 $a20-03-13 $bz 
209A/01 $a/LH 65000 P965-16 $ds $f000 $x00 
209B/01 $aa137 $x05 
209C/01 $a1994/75.4 
209G/01 $a18580411 $x00 
209G/01 $a1. Obergeschoss $x01 
247C/01 $8611000-9 <17>Darmstadt, TU Darmstadt, Universitäts- und Landesbibliothek - Stadtmitte $9102595879 

lok: 31909312 10
101B    $001-07-16 $t16:56:20.000 
101U    $0utf8 
145S/01 $a00020 

exp: 31909312 10 1 #EPN
201B/01 $030-06-25 $t10:00:14.000 
201C/01 $015-01-97 
201U/01 $0utf8 
203@/01 $0153913681 
208@/01 $a15-01-97 $bz 
209A/01 $a20/LH 65000 P965 -16 $du $f002 $x00 
209C/01 $aG 85/171 
209G/01 $a100394601114 $x00 
237A/01 $aWenden Sie sich bitte an die Ausleihtheke 
247C/01 $8612002-7 Darmstadt, Bibliothek der Hochschule Darmstadt, Teilbibliothek Gestaltung $9102601003 

lok: 31909312 13

exp: 31909312 13 1 #EPN
201B/01 $017-04-19 $t14:49:00.000 
201C/01 $029-01-19 
201U/01 $0utf8 
203@/01 $01041701780 
208@/01 $a23-01-19 $br 
209A/01 $a18/7318 Bd 16 $ds $f369 $h18 7318 BD 16 $x00 
247C/01 $8655369-2 <36a>Mainz, Gutenberg-Museum Mainz, Bibliothek $9405782705 

lok: 31909312 24
101B    $005-11-15 $t15:50:26.000 
101C    $005-11-15 
101U    $0utf8 
145Z/01 $a1 9 B 
145Z/02 $a1 9 G 
145Z/03 $a31 9 G 
145Z/04 $a32 9 G 
145Z/05 $a22 9 G 

exp: 31909312 24 1 #EPN
201B/01 $021-12-15 $t15:19:53.000 
201C/01 $005-11-15 
201U/01 $0utf8 
203@/01 $0762911123 
208@/01 $a21-12-15 $bz 
209A/01 $aL 693,14 $dd $f050 $hL 693 14 $x00 
209C/01 $a15.09805 G $h15 09805 G 
209G/01 $a73625300 $x00 
209G/01 $aLesesaal $x01 
220C/01 $ahae 
247C/01 $8358050-7 Marburg, Bibliothek des Herder-Instituts Marburg $9102600961 

lok: 31909312 25

exp: 31909312 25 1 #EPN
201B/01 $021-04-16 $t11:32:42.000 
201C/01 $021-04-16 
201U/01 $0utf8 
203@/01 $0771766084 
208@/01 $a21-04-16 $bzic 
209A/01 $aR 21 - E 96 $dd $f070 $x00 
209A/01 $aKulturanthropologie R 21 E 96 $x01 
209C/01 $a2016/Geschenk Kulturanthropologie 
209G/01 $a77219942 $x00 
209G/01 $aKulturanthropologie $x01 
247C/01 $8651070-x <77/070>Mainz, Universität Mainz, Bereichsbibliothek Philosophicum, Standorte Germanistik I / Kulturanthropologie und Germanistik II $9102600198
LEADER 00000cam a2200000 cb4500
001 319093123
003 DE-603
005 20230609203801.0
007 tu
008 130320s1985 xx |||| | u00||u|ger c
035 |a (DE-599)HEB319093123 
035 |a (OCoLC)64376947 
040 |a DE-603  |b ger  |c DE-603  |d DE-603 
041 |a ger 
082 0 4 |8 1\u  |a 709.4  |q DE-101  |2 23/BSB 
084 |a 12a  |a 14a  |q DE-101  |2 sdnb 
084 |a LH 65000  |0 (DE-625)94517:  |0 (DE-603)409894567  |2 rvk 
085 |8 1\u  |b 709 
085 |8 1\u  |z 2  |s 4 
085 |8 1\u  |z 2  |s 47 
085 |8 1\u  |z 2  |s 437 
085 |8 1\u  |z 2  |s 438 
245 0 0 |a Europäische Volkskunst  |c von Bernward Deneke. Mit Beiträgen von Tancred Bănăteanu ... 
264 1 |a Frankfurt am Main  |b Propyläen-Verlag  |c 1985 
300 |a 309, 448 Seiten  |b Illustrationen 
336 |a Text  |b txt  |2 rdacontent 
336 |a unbewegtes Bild  |b sti  |2 rdacontent 
337 |a ohne Hilfsmittel zu benutzen  |b n  |2 rdamedia 
338 |a Band  |b nc  |2 rdacarrier 
490 1 |a Propyläen-Kunstgeschichte : in zweiundzwanzig Bänden / hrsg. unter Beratung von Kurt Bittel ...  |v 16 : Supplementbände 
500 |a Literaturverzeichnis Seite 295 - 305 
650 7 |a Volkskunst  |0 (DE-588)4063851-0  |0 (DE-603)085179000  |2 gnd 
651 7 |a Europa  |0 (DE-588)4015701-5  |0 (DE-603)08503617X  |2 gnd 
700 1 |a Deneke, Bernward  |e Herausgeber  |4 edt  |0 (DE-603)136932975 
700 1 |a Bănăţeanu, Tancred  |d 1922-1987  |0 (DE-603)138663610  |0 (DE-588)103240284  |2 gnd 
830 0 |a Propyläen-Kunstgeschichte  |v 16 : Supplementbände  |w (DE-603)04610853X  |9 216  |7 am 
856 4 2 |m V:DE-603;B:DE-77  |q application/pdf  |u http://scans.hebis.de/HEBCGI/show.pl?31909312_toc.pdf  |3 Inhaltsverzeichnis 
924 0 |9 17  |a (DE-603)671993860  |b DE-17  |c HES  |d b  |g /LH 65000 P965-16  |h 1. Obergeschoss 
924 0 |9 Ds 114/2  |a (DE-603)153913681  |b DE-Ds114-2  |c HES  |d d  |g 20/LH 65000 P965 -16 
924 0 |9 36a  |a (DE-603)1041701780  |b DE-36a  |c HES  |d d  |g 18/7318 Bd 16 
924 0 |9 Mb 50  |a (DE-603)762911123  |b DE-Mb50  |c HES  |d d  |g L 693,14  |h Lesesaal 
924 0 |9 77/070  |a (DE-603)771766084  |b DE-77-070  |c HES  |d d  |g R 21 - E 96